Rap Trivia - Statistics

General Stats
  • This quiz has been taken 24 times
  • The average score is 9 of 20
Answer Stats
Hint Answer % Correct
Made radio hit hotline bling Drake
100%
Probably the best white rapper to ever do it Eminem
87%
One of if not the best rapper/ producer ever from the early 2000s Kanye West
78%
Has kids with Rihanna ASAP Rocky
74%
Producer that formulated a huge duo with future in the last 5 years Metro boomin
70%
Rapper who has been along for a while who is still making top songs. Also featured on metro booming album superhero’s and villains Future
61%
Rapper from Canada that works with metro boomin 21 savage
52%
Rapper who was most successful off his freestyle and also has a very successful life with his kid. LeBron lip syncs his songs Lil Baby
52%
Rap group from the 90s from California NWA
52%
A controversial rapper in the eyes of your parents but a considerable goat to the young generations one of the best albums of all time with drake featured on the biggest song Travis Scott
43%
Rapper from Atlanta who made boy Barbie and is affiliated with playboi carti Ken Carson
39%
Featured on Playboi Cartis die lit and music from the UK Skepta
39%
Made skate 3 hit rap song “put on” with Kanye west Jeezy
30%
Pittsburgh born rapper from the 2010s Mac Miller
30%
Fat rapper who represents soulfly Rod wave
30%
Was a very good rapper until he added pianos Polo G
26%
Rapper from the 90s who was dubbed a project rapper by all mainstream rappers Lil Wayne
22%
Waits a long time to drop albums inspired by Lil Wayne Playboi Carti
22%
Pittsburgh born rapper from early 2000s Wiz Khalifa
13%
SoundCloud era rapper who has yet to really break through Ski Mask The Slump God
4%
No matching quizzes found
Score Distribution
Percent of People with Each Score
Percentile by Number Answered
Your Score History
You have not taken this quiz